LEADER 01260nam a2200241 4500 001 000000337340 003 CaOOAMICUS 005 20191021142503.0 008 191021s1739 ne 000 u fre r 040 $aSeMil$bita 245 05$a[4]: Nouvelles écclesiastiques, ou Memoires pour servir à l'histoire de la constitution Unigenitus. Pour l'anné 1738. 264 1$c[1739] 300 $a3 pt. (252, [1], 132, [1], 208, 212 p.) :$bill. ;$c4° 500 $aSegnature non rilevate per complessità di sequenza 700 01$aClemens XI,$c.$0(OLS)http://semarc/name/4420 773 0 $aClemens XI $tNouvelles écclesiastiques, ou Memoires pour servir à l'histoire de la constitution Unigenitus.$dA Utrecht : Aux dépens de la Compagnie, 1735-$bTroisième édition$w()337333 850 $aSeMil 852 $aSeMil$W1$xVenegono$y1$m3X V 4 FA$j216994$B229027$CSeMilBibl$Z2$F229027 $8I 900 01$aClemente XI$c. 996 $6245$a[4]: Nouvelles écclesiastiques, ou Memoires pour servir à l'histoire de la constitution Unigenitus. Pour l'anné 1738$9(OLS)http://semarc/title/426326 996 $6264$a[S.l.] :$b[s.n.]$9(OLS)http://semarc/publisher/0 LEADER 01009nam a2200181 i 4500 001 000000243086 003 CaOOAMICUS 005 20150623000000.0 008 150623s1825 it u000 u ita u 013 $a221991 026 $at.a- sito ela- leco (3) 1825 (A) Pt. 1 ; a:m- nouo i,on opli (3) 1825 (A) Pt. 1 040 $aSeMil$bita 245 10$aDella vita del p. Vincenzo Carafa settimo generale della Compagnia di Gesu scritta dal p. Daniello Bartoli della medesima Compagnia libri due. 300 $a2 pt ([2], 124; 136 p.). 773 0 $aBartoli, Daniello $tDelle opere del padre Daniello Bartoli della Compagnia di Gesù.$dTorino : Dalla Tipografia di Giacinto Marietti, 1825-1847.$g19$w()32089 850 $aSeMil 852 $aSeMil$W1$xVenegono$y1$m3F II 418 FA$j193432$B193432$CSeMilBibl$Z2$F204218 $8I 996 $6245$aDella vita del p. Vincenzo Carafa settimo generale della Compagnia di Gesu scritta dal p. Daniello Bartoli della medesima Compagnia libri due$9(OLS)http://semarc/title/344863